Como cuates. (Record no. 8964)

MARC details
000 -CABECERA
campo de control de longitud fija 00725nam a2200193 a 4500
005 - FECHA Y HORA DE LA ÚLTIMA TRANSACCIÓN
campo de control 20240213063857.0
008 - ELEMENTOS DE LONGITUD FIJA--INFORMACIÓN GENERAL
campo de control de longitud fija 991125s1987 mx 000 0 spa u
035 ## - NÚMERO DE CONTROL DEL SISTEMA
Número de control de sistema UPN01000008964
049 ## - COLECCIÓN
Colección AV
099 ## - CLASIFICACIÓN LOCAL
Clasificación local PVI H 0570
245 00 - MENCIÓN DE TÍTULO
Título Como cuates.
260 ## - PUBLICACIÓN, DISTRIBUCIÓN, ETC.
Lugar de publicación, distribución, etc. México :
Nombre del editor, distribuidor, etc. CONACYT,
Fecha de publicación, distribución, etc. 1987.
300 ## - DESCRIPCIÓN FÍSICA
Extensión 1 videocasete (VHS) (21 min.) :
Otras características físicas son., col.
520 ## - NOTA DE RESUMEN, ETC.
Sumario, etc. Es la historia de una familia que vive en una zona marginada de la Cd. México, en la cual predomina una creciente tendencia a la desintegración familiar;
520 ## - NOTA DE RESUMEN, ETC.
Sumario, etc. propiciada principalmente por el carácter poco amable del padre de familia.
650 #4 - ASIENTO SECUNDARIO DE MATERIA - TERMINO TEMATICO
Término de materia o nombre geográfico como elemento de entrada Familias
Subdivisión general Conducta de vida
9 (RLIN) 9121
650 #2 - ASIENTO SECUNDARIO DE MATERIA - TERMINO TEMATICO
Término de materia o nombre geográfico como elemento de entrada Vida familiar
9 (RLIN) 12440
905 ## - TIPO DE MATERIAL
Tipo de material Audiovisuales
Holdings
Estado de retiro Estado de pérdida Fuente del sistema de clasificación o colocación Estado dañado No para préstamo Código de colección Localización permanente Ubicación/localización actual Ubicación en estantería Total de préstamos Clasificación Código de barras Fecha visto por última vez Número de copia Tipo de ítem Koha
    Library of Congress Classification     Audiovisuales Bib. Gregorio Torres Quintero Bib. Gregorio Torres Quintero Audiovisual   PVI H 0570 0570PVI 31/12/2020 1 Videocasete